MARC

LEADER 00000nam0a2200000 4500
001 285865
005 20231101235833.0
035 |a (RuTPU)RU\TPU\book\310150 
090 |a 285865 
100 |a 20150228d1984 m y0rusy50 ca 
101 0 |a rus 
102 |a RU 
105 |a a z 001zy 
200 1 |a Методические указания по применению колонковых наборов ССК-59ЭВ для бурения в осложненных геологических условиях  |f Всесоюзный научно-исследовательский институт методики и техники разведки (ВИТР) ; сост. В. А. Богданов ; А. М. Жуков ; А. Ю. Ридер 
210 |a Ленинград  |c Изд-во ВИТР  |d 1984 
215 |a 44 с.  |c ил. 
320 |a Библиогр.: с. 42 
606 1 |a Бурение разведочное, колонковое  |2 stltpush  |3 (RuTPU)RU\TPU\subj\30375  |9 53493 
610 1 |a геология 
610 1 |a геологоразведочное бурение 
610 1 |a колонковые наборы 
610 1 |a технология 
610 1 |a технические характеристики 
610 1 |a подготовка 
610 1 |a керны 
610 1 |a рациональное применение 
610 1 |a безопасность 
610 1 |a методические пособия 
675 |a 550.822.7:622.243  |v 3 
702 1 |a Богданов  |b В. А.  |4 220 
702 1 |a Жуков  |b А. М.  |4 220 
702 1 |a Ридер  |b А. Ю.  |4 220 
712 0 2 |a Всесоюзный научно-исследовательский институт методики и техники разведки (ВИТР)  |2 stltpush  |3 (RuTPU)RU\TPU\col\6027 
801 1 |a RU  |b 63413507  |c 20150228 
801 2 |a RU  |b 63413507  |c 20171109  |g RCR 
942 |c BK